Welcome to the Holygrace Academy Library

Please use search bar below to get started

THE MODERN SCHOOL ATLAS (Record no. 1662)

MARC details
000 -LEADER
fixed length control field 00300nam a22001337a 4500
020 ## - INTERNATIONAL STANDARD BOOK NUMBER
ISBN 817053134-9
082 ## - DEWEY DECIMAL CLASSIFICATION NUMBER
Classification number 912
Item number TTK/T
245 ## - TITLE STATEMENT
Title THE MODERN SCHOOL ATLAS
Remainder of title GEOGRAPHY
246 ## - VARYING FORM OF TITLE
Title proper/short title THE MODERN SCHOOL ATLAS
Remainder of title GEOGRAPHY
300 ## - PHYSICAL DESCRIPTION
Number of Pages 92
520 ## - SUMMARY, ETC.
Summary, etc GEOGRAPHY
650 ## - SUBJECT ADDED ENTRY--TOPICAL TERM
Topical Term GEOGRAPHY
942 ## - ADDED ENTRY ELEMENTS (KOHA)
Koha item type Books
Holdings
Withdrawn status Lost status Collection code Home library Current library Shelving location Date acquired Source of acquisition Cost, normal purchase price Full call number Accession Number Koha item type
    Reference Main Library Main Library SHELF-5 H REFERENCE SOCIAL SCIENCE 03/06/2004 Purchase 50.00 912 TTK/T 01656 Books